LIBRARY & INFORMATION CENTRE, KCAET, TAVANUR

ONLINE PUBLIC ACCESS CATALOGUE (OPAC)

Hand book of nanophysics / (Record no. 13363)

MARC details
000 -LEADER
fixed length control field 00384cam a2200145ua 4500
041 ## - LANGUAGE CODE
Language code of text/sound track or separate title eng
082 ## - DEWEY DECIMAL CLASSIFICATION NUMBER
Classification number 539.7
Item number MIL/HA
100 ## - MAIN ENTRY--AUTHOR NAME
Personal name Miller, John D .
245 ## - TITLE STATEMENT
Title Hand book of nanophysics /
260 ## - PUBLICATION, DISTRIBUTION, ETC. (IMPRINT)
Place of publication New Delhi :
Name of publisher Dominant Publishers and distributors ,
Year of publication 2008.
300 ## - PHYSICAL DESCRIPTION
Number of Pages 206 ; .
942 ## - ADDED ENTRY ELEMENTS (KOHA)
Koha item type Books
Holdings
Withdrawn status Lost status Damaged status Home library Current library Date acquired Full call number Accession Number Koha item type
      KAUAET KAUAET 07/04/2012 539.7 MIL/HA 21459 Books
free website counter